History Quiz

Random History or World Quiz
Score 0/63 Timer 15:00
0 Plays Today
% Correct
Treaty of Versailles
80.8%
Franz Ferdinand
78.8%
Red Baron
77.8%
Chlorine
77.6%
1917
77.3%
Spanish Flu
76.8%
Lusitania
75.1%
Kaiser Wilhelm II
74.8%
Gavrilo Princip
74.3%
Weimar Republic
73.8%
Woodrow Wilson
73.1%
George V
73.1%
Nicholas II
72.1%
Total War
72.1%
Rasputin
71.3%
Bolsheviks|Red Russians
70.8%
Selective Service Act
68.8%
American Expeditionary Force (AEF)
68.6%
Black Hand
68.1%
Battle of Jutland
67.8%
Lloyd George
67.1%
Lenin
67.1%
Big Four
67.1%
Schlieffen Plan
65.3%
John Pershing
64.8%
Zeppelin
64.6%
Zimmerman Telegram
64.6%
Gallipoli
63.8%
Paris Peace Conference
63.1%
Mustafa Kemal Ataturk
63.1%
The Economic Consequences of the Peace
61.8%
French Army Mutinies
59.6%
% Correct
Hindenberg Line
58.6%
Battle of Tannenberg
57.6%
Battle of the Somme
55.4%
Petain
55.4%
von Hindenburg
54.9%
Ludendorff
54.1%
Eugene V. Debs
53.2%
Battle of Verdun
53.1%
First Battle of the Marne
51.6%
Haig
51.1%
Alfred von Tirpitz
50.8%
Joseph Joffre
50.8%
Kerensky
48.9%
White Russians
48.9%
Foch
48.6%
Erich von Falkenhayn
47.6%
Ypres
46.1%
Alvin York
45.4%
Plan XVII
44.4%
Battle of Leige
44.1%
Young Bosnia
43.6%
Hundred Days Offensive
41.6%
Isonzo
40.6%
Operation Michael
35.9%
Meuse-Argonne Offensive
35.2%
Battle of Belleau Wood
33.3%
Nivelle Offensive
30.7%
Battle of the Frontiers
29.7%
Battle of Chemin des Dames|Second Battle of the Aisne
27.4%
Second Battle of the Somme
21.2%
Second Battle of the Marne
20%
Remove Ads.
Support Sporcle.
Get the best of Sporcle when you Go Orange. This ad-free experience offers more features, more stats, and more fun while also helping to support Sporcle. Thank you for becoming a member.

You're not logged in!

Compare scores with friends on all Sporcle quizzes.
OR
Log In

Show Comments

Extras

Top Quizzes Today


Score Distribution

Your Account Isn't Verified!

In order to create a playlist on Sporcle, you need to verify the email address you used during registration. Go to your Sporcle Settings to finish the process.

Report this User

Report this user for behavior that violates our Community Guidelines.

Details: